Applied statistics in business and economics / (Record no. 19046)

MARC details
000 -LEADER
fixed length control field 00964pam a2200301 a 4500
001 - CONTROL NUMBER
control field 015408043
003 - CONTROL NUMBER IDENTIFIER
control field OSt
005 - DATE AND TIME OF LATEST TRANSACTION
control field 20161102133907.0
008 - FIXED-LENGTH DATA ELEMENTS--GENERAL INFORMATION
fixed length control field 091028s2011 nyua 001 0 eng|d
020 ## - INTERNATIONAL STANDARD BOOK NUMBER
International Standard Book Number 9780071220705 (pbk.)
020 ## - INTERNATIONAL STANDARD BOOK NUMBER
International Standard Book Number 0071220704 (pbk.)
040 ## - CATALOGING SOURCE
Original cataloging agency StDuBDS
Language of cataloging eng
Transcribing agency StDuBDS
Modifying agency Uk
082 00 - DEWEY DECIMAL CLASSIFICATION NUMBER
Classification number 330.015195
Edition number 22
Item number DOA
100 1# - MAIN ENTRY--PERSONAL NAME
9 (RLIN) 4553
Personal name Doane, David P.
245 10 - TITLE STATEMENT
Title Applied statistics in business and economics /
Statement of responsibility, etc David Doane, Lori Seward.
250 ## - EDITION STATEMENT
Edition statement 3rd ed., McGraw-Hill international ed.
260 ## - PUBLICATION, DISTRIBUTION, ETC. (IMPRINT)
Place of publication, distribution, etc New York, N.Y. :
Name of publisher, distributor, etc McGraw-Hill Higher Education,
Date of publication, distribution, etc c.2011.
300 ## - PHYSICAL DESCRIPTION
Extent xxv, 831 p. :
Other physical details col. ill. ;
Dimensions 28 cm.
500 ## - GENERAL NOTE
General note Includes index.
500 ## - GENERAL NOTE
General note Previous ed.: 2009.
500 ## - GENERAL NOTE
General note "International student edition" --cover.
650 #0 - SUBJECT ADDED ENTRY--TOPICAL TERM
Topical term or geographic name as entry element Econometrics.
650 #0 - SUBJECT ADDED ENTRY--TOPICAL TERM
Topical term or geographic name as entry element Commercial statistics.
653 ## - INDEX TERM--UNCONTROLLED
Resource For college BAEPS, Economics
Arrived date list March2015
655 ## - INDEX TERM--GENRE/FORM
Form subdivision
-- 34232
700 1# - ADDED ENTRY--PERSONAL NAME
Personal name Seward, Lori Welte,
Dates associated with a name 1962-
9 (RLIN) 4557
942 ## - ADDED ENTRY ELEMENTS (KOHA)
Source of classification or shelving scheme Dewey Decimal Classification
Holdings
Withdrawn status Item status Source of classification or shelving scheme Damaged status Not for loan Vendor Home library Current library Shelving location Date acquired Source of acquisition Cost, normal purchase price Total Checkouts Total Renewals Full call number Barcode Date last seen Date last borrowed Cost, replacement price Koha item type
    Dewey Decimal Classification     Baccah Central Library Central Library First floor 17/03/2015   270.00 2 2 330.015195 DOA 000037580 15/07/2025 17/01/2016 337.50 Book - Borrowing